| 000 | 00545nam a2200157 a 4500 | ||
|---|---|---|---|
| 001 | 000036753 | ||
| 005 | 20200930075921.0 | ||
| 008 | 120127s2003 dr a 000 0 spa d | ||
| 040 |
_aDO-SdBNP _bspa _cBNPHU |
||
| 100 | 1 |
_aGonzález, Juan Antonio _917770 |
|
| 245 | 1 | 0 |
_aValle del Cibao : _becología, suelos y degradación / _cJuan antonio González. |
| 260 |
_aSanto Domingo : _bManatí, _c2003. |
||
| 300 |
_a369 p. : _bils. ; _c24 cm. |
||
| 500 | _aIncluye datos biográficos del autor en la contracubierta | ||
| 504 | _aBibliografía : p. 365-369 | ||
| 999 |
_c36244 _d36244 |
||